| 000 | 00437nam a2200205Ia 4500 | ||
|---|---|---|---|
| 001 | 13053 | ||
| 003 | GE_BSU | ||
| 008 | 181216s||||||||xx |||||||||||||| ||und|| | ||
| 020 | _a9780552150347 | ||
| 040 | _cGE_BSU | ||
| 080 | _a821.111-32 | ||
| 100 | _aGower,Iris. | ||
| 245 | 4 | _aThe rowan tree. | |
| 260 | _aLondon. | ||
| 260 | _bCorgi Books. | ||
| 260 | _c2003 | ||
| 300 | _a448p;18cm. | ||
| 653 | _aThe rowan tree. | ||
| 942 | _cBK | ||
| 999 |
_c46220 _d46220 |
||